Normal view
MARC view
- MODULA 2/Computer program language
Entry Topical Term
001 - CONTROL NUMBER
- control field: 1000
003 - CONTROL NUMBER IDENTIFIER
- control field: JO-AjAnu
005 - DATE AND TIME OF LATEST TRANSACTION
- control field: 20230606070452.0
008 - FIXED-LENGTH DATA ELEMENTS
- fixed length control field: 230606|| aca||aabn | a|a d
040 ## - CATALOGING SOURCE
- Original cataloging agency: JO-AjAnu
- Transcribing agency: JO-AjAnu
150 ## - HEADING--TOPICAL TERM
- Topical term or geographic name entry element: MODULA 2/Computer program language
670 ## - SOURCE DATA FOUND
- Source citation: Work cat.: (JO-AjAnu)525: Ullmann,Juilan, author 999, Compilling in Modula-2:Afirst introducation to classical recursive descent compiling